000
00281nam a2200121Ia 4500
005
20251222144919.0
008
251222s9999||||xx |||||||||||||| ||spa||
020
_a
84-342-2401-1
082
_a
REF.780/P26/T.IV
245
0
_a
Vivamos la Música
264
_b
Parramón
942
_c
LIB
999
_c
22628
_d
22628